|
|
|
|
| LEADER |
02311nam a22004215i 4500 |
| 001 |
978-3-642-25710-0 |
| 003 |
DE-He213 |
| 005 |
20150519184912.0 |
| 007 |
cr nn 008mamaa |
| 008 |
120703s2012 gw | s |||| 0|eng d |
| 020 |
|
|
|a 9783642257100
|9 978-3-642-25710-0
|
| 024 |
7 |
|
|a 10.1007/978-3-642-25710-0
|2 doi
|
| 040 |
|
|
|d GrThAP
|
| 050 |
|
4 |
|a QA1-939
|
| 072 |
|
7 |
|a PB
|2 bicssc
|
| 072 |
|
7 |
|a MAT000000
|2 bisacsh
|
| 082 |
0 |
4 |
|a 510
|2 23
|
| 245 |
1 |
0 |
|a Raising Public Awareness of Mathematics
|h [electronic resource] /
|c edited by Ehrhard Behrends, Nuno Crato, José Francisco Rodrigues.
|
| 264 |
|
1 |
|a Berlin, Heidelberg :
|b Springer Berlin Heidelberg :
|b Imprint: Springer,
|c 2012.
|
| 300 |
|
|
|a XV, 404 p. 292 illus., 254 illus. in color.
|b online resource.
|
| 336 |
|
|
|a text
|b txt
|2 rdacontent
|
| 337 |
|
|
|a computer
|b c
|2 rdamedia
|
| 338 |
|
|
|a online resource
|b cr
|2 rdacarrier
|
| 347 |
|
|
|a text file
|b PDF
|2 rda
|
| 505 |
0 |
|
|a Preface -- Part 1 National Experiences -- Part 2 Exhibitions and Mathematical Museums -- Part 3 Popularisation Activities -- Part 4 Popularisation, Why and How.
|
| 520 |
|
|
|a This collective book aims to encourage and inspire actions directed towards raising public awareness of the importance of mathematical sciences for our contemporary society in a cultural and historical perspective. Mathematical societies, in Europe and around the world, can find ideas, blueprints and suggestions for activities – including concerted actions with other international organizations – directed towards raising public awareness of science, technology and other fields where mathematics plays a strong role. The material is divided into four parts: • National experiences • Exhibitions / mathematical museums • Popularization activities • Popularization: why and how?
|
| 650 |
|
0 |
|a Mathematics.
|
| 650 |
1 |
4 |
|a Mathematics.
|
| 650 |
2 |
4 |
|a Mathematics, general.
|
| 700 |
1 |
|
|a Behrends, Ehrhard.
|e editor.
|
| 700 |
1 |
|
|a Crato, Nuno.
|e editor.
|
| 700 |
1 |
|
|a Rodrigues, José Francisco.
|e editor.
|
| 710 |
2 |
|
|a SpringerLink (Online service)
|
| 773 |
0 |
|
|t Springer eBooks
|
| 776 |
0 |
8 |
|i Printed edition:
|z 9783642257094
|
| 856 |
4 |
0 |
|u http://dx.doi.org/10.1007/978-3-642-25710-0
|z Full Text via HEAL-Link
|
| 912 |
|
|
|a ZDB-2-SMA
|
| 950 |
|
|
|a Mathematics and Statistics (Springer-11649)
|